000 00648nam a2200217Ia 4500
005 20260704175957.0
008 260704s9999||||xx |||||||||||||| ||und||
020 _a9781846145568
_qhb
082 _a338.9
_bSHA
100 _aSharma, Ruchir
245 0 _aBreakout nations : in search of the next economic miracle
260 _aLondon
_bAllen Lane an imprint of Penguin Books
_c2012
300 _ax, 292p. ; 24cm.
653 _aDeveloping countries
653 _aDeveloping countries
653 _aEconomic development
653 _aEmerging markets
653 _aGlobalization
653 _aInternational economic relations
942 _cBK
999 _c57341
_d57341